Footballeurs par lettre O - Statistiques

Statistiques générales
  • Ce quiz a été pris 143 fois
  • Le résultat moyen est 12 sur 18
Statistiques - réponses
Par images Réponse % Correct
Ozil
98%
Oblak
95%
Olmo
93%
Osimhen
93%
Odegaard
91%
Ochoa
89%
Openda
87%
Okocha
78%
Ocampos
77%
Origi
76%
Onana
56%
Ortega
55%
Okafor
46%
Ogbonna
40%
Obraniak
34%
Oliveira
29%
Okazaki
15%
Osorio
2%
Aucun quiz correspondant
Distribution des résultats
% des personnes avec chaque résultat
Percentile par nombre de réponses
Votre historique - résultats
Vous n’avez pas pris ce quiz